00301nam a2200121Ia 4500008004100000041000800041082001400049100001800063245004400081260002800125300001900153365000700172240624s9999 xx 000 0 und d aeng a158.1 CAR aCARNEGIE DALE aHOW TO WIN FRIENDS AND INFLUENCE PEOPLE c2004aLondonbVermilion a247 , cm. , 18 cRS